000
00323nam a2200121Ia 4500
008
210430s9999 xx 000 0 und d
082
_a
620.11 A834T
100
_a
Askeland Donald R
_9
14727
245
4
_a
The Science And Engineering Of Materials
_c
Askeland Donald R
260
_c
1994
300
_a
812p.
942
_c
BK
_2
ddc
999
_c
565904
_d
565904